Wordt geladen...

Nalacharitham

Bibliografische gegevens
Hoofdauteur: Unnayi Warrier
Formaat: Printed Book
Taal:Malayalam
Gepubliceerd in: Kerala Sahitya Academi Kerala Sahitya Academi 1977
LEADER 00451nam a2200121Ia 4500
008 111205s9999 xx 000 0 mal d
100 |a Unnayi Warrier 
245 |a Nalacharitham  |c Unnayi Warrier 
260 |b Kerala Sahitya Academi  |a Kerala Sahitya Academi  |c 1977 
300 |a 264 
942 |c BK 
999 |c 211562  |d 211562 
952 |0 0  |1 0  |4 0  |6 S_11_000000000000000_R3  |7 0  |9 233991  |a MAL  |b MAL  |c SEC  |d 2011-12-05  |g 15.00  |l 0  |o S11 R3  |p MAL15106  |r 2015-04-13  |v 15.00  |w 2015-04-13  |y BK  |k 1.00